00000000nam##2200000za#4500
0019.688260
003CaOODSP
00520210624231338
007cr |||||||||||
008150407|1994||||xxc|||||o    f|0| 0 eng|d
040 |aCaOODSP|beng
043 |an-cn---
0861 |aSN3-61/1994E-PDF
1101 |aCanada.|bNational Library of Canada.
24510|aClass FC : a classification for Canadian history |h[electronic resource]
250 |aSecond edition
260 |aOttawa - Ontario : |bNational Library of Canada |c1994.
300 |a142p.|bindex
500 |a"The second edition... is a revision and expansion of the first edition of the schedule which appeared in 1976. This schedule has replaced many LC-like classification schemes used by Canadian libraries to classify Canadian history."--Preface to the second edition.
500 |aCatalogue number and ISBN of the paper edition have been printed in the PDF edition.
5203 |aPresents the National Library's standardized classification schedule for Canadian history. This classification system is compatible with the Library of Congress classification system, and is a useful research tool for anyone interested in Canadian history.
69007|aDocument classification|2gcpds
69007|aCanadian history|2gcpds
77508|tClasse FC : cadre de classification de l'histoire du Canada |w(CaOODSP)9.632692
7760#|tClass FC: a classification for Canadian history |w(CaOODSP)9.645522
85640|ahttp://publications.gc.ca|qPDF|s233 KB|uhttps://publications.gc.ca/collections/Collection/SN3-61-1994E.pdf